00803nam a2200253Ia 4500001000700000008004100007010001100048082001400059100006900073245009200142260006500234300001100299440003200310500000500342503000500347650003300352650001600385650009300401901001400494902000600508910000900514942000700523999001900530Z_2764220113s1989 xx 000 0 und d a165823 a636.08 C3 aCanada. Department of Agriculture Animal Research Centre9138795 aAnimal breeding : recent advances and future prospects /cby Department of Agriculture aOntario, Canadá :bMinister and Supply and Service,c1989 a112 p. aPublication ; 1824e9139852 a a aAnimales domésticos 95889 aAvicultura  aGanadería I. Symposium Genetics in Agriculture (1983 : Ontario, Canada) II. t.9138797 a636.08 C3 aA a1989 cc1 c165823d165823